000 00951cam a2200277 4500
001 178770
003 ES-MaACL
005 20250830100258.0
008 110617s2008 sp |||| | spa d
020 _a978-84-936130-1-3
080 _a339.9"1995/..."
080 _a364.013
080 _a329.055.
080 _a32(460)"2004/..."
100 1 _aDiego, Enrique de.
_944541
245 1 0 _aCrisis planetaria
_b: la quiebra del estado de bienestar /
_cEnrique de Diego.
260 _a[Madrid] :
_bRambla,
_c[2008]
300 _a103 p. ;
_c19 cm.
650 2 7 _aEconomía internacional-
_y1989-
_9147234
650 7 _aEstado social
_2embne
_9147232
650 0 7 _aIzquierda (Política)
_913924
651 4 _aEspaña-
_xPolítica y gobierno-
_y2004-2011
_98451
852 _aES-MaACL
_jA-11296
_9185631
_bR.145573
_cDEPO1
_dOlim: N-4300
_xDonación: Editorial
942 _2udc
_cMONOGRAFIA
999 _c178770
_d178770